000 00545nam a2200181Ia 4500
999 _c22756
_d22756
003 OSt
005 20200319152525.0
008 190216s9999||||xx |||||||||||||| ||und||
020 _a9788182710030
040 _coclc
082 _a297
_bKAR/I
100 _a Karakunnu, Sheikh Mohammed
_91839
245 0 _aIslamum Mathasahishnuthayum /
_c Sheikh Mohammed Karakunnu
260 _bIslamic Publishing House,
_aKozhikode:
_c2004.
300 _a102p
650 _aIslamic History
942 _cBK
_2ddc
_h297
_iKAR/I
_k297
_mKAR/I